Quick Pick: Shakespeare Couples Quiz Stats

 Plays Quiz Updated Jun 29, 2016

Score 0/12 Timer 01:00
2 Plays Today
% Correct
Juliet
96.4%
Cleopatra
91%
Ophelia
79.4%
Desdemona
70.1%
Cressida
67.3%
Titania
60.8%
Beatrice
50.4%
Hermia
45.8%
Kate
43.4%
Viola
40.4%
Portia
38.7%
Miranda
38.6%

Today's Daily Dose

Missing Word
Alaska A-Z

Quick Pick
A-Ology

Get the Picture
Which Movie Star? IV

You're not logged in!

Compare scores with friends on all Sporcle quizzes.
OR
Log In

Show Comments

Extras

Top Quizzes Today


Score Distribution

Your Account Isn't Verified!

In order to create a playlist on Sporcle, you need to verify the email address you used during registration. Go to your Sporcle Settings to finish the process.

Report this User

Report this user for behavior that violates our Community Guidelines.

Details: